|
|
|
|
| LEADER |
02031nam a22003853i 4500 |
| 001 |
EBC6956066 |
| 003 |
MiAaPQ |
| 005 |
20231204023223.0 |
| 006 |
m o d | |
| 007 |
cr cnu|||||||| |
| 008 |
231204s2019 xx o ||||0 ger d |
| 020 |
|
|
|a 9783839447574
|q (electronic bk.)
|
| 020 |
|
|
|z 9783837647570
|
| 035 |
|
|
|a (MiAaPQ)EBC6956066
|
| 035 |
|
|
|a (Au-PeEL)EBL6956066
|
| 035 |
|
|
|a (OCoLC)1100453568
|
| 040 |
|
|
|a MiAaPQ
|b eng
|e rda
|e pn
|c MiAaPQ
|d MiAaPQ
|
| 100 |
1 |
|
|a Brad, Alina.
|
| 245 |
1 |
4 |
|a Der Palmölboom in Indonesien :
|b Zur Politischen Ökonomie einer umkämpften Ressource.
|
| 250 |
|
|
|a 1st ed.
|
| 264 |
|
1 |
|a Bielefeld :
|b transcript,
|c 2019.
|
| 264 |
|
4 |
|c {copy}2019.
|
| 300 |
|
|
|a 1 online resource (209 pages)
|
| 336 |
|
|
|a text
|b txt
|2 rdacontent
|
| 337 |
|
|
|a computer
|b c
|2 rdamedia
|
| 338 |
|
|
|a online resource
|b cr
|2 rdacarrier
|
| 490 |
1 |
|
|a Edition Politik
|
| 505 |
0 |
|
|a Cover -- Inhalt -- Vorwort -- 1 Einleitung -- 2 Die Konstitution von Natur und Raum: Theoretischer Rahmen -- 3 Territorialisierung und Landkontrolle im Kontext der polit-ökonomischen Entwicklung Indonesiens -- 4 Der Palmölsektor in Indonesien: Entwicklungslinien, Triebkräfte und Akteure -- 5 Die Politische Ökologie des indonesischen Palmölbooms seit 2000: Dezentralisierung, Agrartreibstoffstrategie, territoriale Kontrolle und Widerstand -- 6 Schlussfolgerung -- Abkürzungs- und Interviewverzeichnis -- Literatur.
|
| 588 |
|
|
|a Description based on publisher supplied metadata and other sources.
|
| 590 |
|
|
|a Electronic reproduction. Ann Arbor, Michigan : ProQuest Ebook Central, 2023. Available via World Wide Web. Access may be limited to ProQuest Ebook Central affiliated libraries.
|
| 655 |
|
4 |
|a Electronic books.
|
| 776 |
0 |
8 |
|i Print version:
|a Brad, Alina
|t Der Palmölboom in Indonesien
|d Bielefeld : transcript,c2019
|z 9783837647570
|
| 797 |
2 |
|
|a ProQuest (Firm)
|
| 830 |
|
0 |
|a Edition Politik
|
| 856 |
4 |
0 |
|u https://ebookcentral.proquest.com/lib/matrademy/detail.action?docID=6956066
|z Click to View
|